Middle East - Map Quiz - Statistics

General Stats
  • This quiz has been taken 43 times
  • The average score is 11 of 13
Answers on the Map
Answers color-coded by a green-red scale on the quiz's map according to % correct below.
 
Answer Stats
Answer % Correct
iran
94%
qatar
94%
saudi arabia
94%
UAE
94%
yemen
94%
turkey
90%
iraq
87%
Israel
87%
pakistan
87%
syria
87%
Afghanistan
84%
jordan
84%
lebanon
71%
No matching quizzes found
Score Distribution
Percent of People with Each Score
Percentile by Number Answered
Your Score History
You have not taken this quiz